Numerical stadies of heat transfer in gas heater installation; Современные техника и технологии; Т. 1

Podrobná bibliografie
Parent link:Современные техника и технологии: сборник трудов XXI международной научной конференции студентов, аспирантов и молодых ученых, Томск, 5-9 октября 2015 г./ Национальный исследовательский Томский политехнический университет (ТПУ).— , 2015
Т. 1.— [С. 203-206]
Hlavní autor: Khomutov E. O.
Korporativní autor: Национальный исследовательский Томский политехнический университет (ТПУ) Энергетический институт (ЭНИН) Кафедра парогенераторостроения и парогенераторных установок (ПГС и ПГУ)
Další autoři: Gil A. V. Andrey Vladimirovich (научный руководитель)
Shrnutí:Заглавие с титульного экрана
Relevance of the work due to the need to research the effectiveness and reliability of the heat exchangers. Research of heat transfer with different velocity of gas and temperature of steam was conducted. Results of the numerical modeling of the processes of heat exchange was presented.
Jazyk:angličtina
Vydáno:
Edice:Power industry
Témata:
On-line přístup:http://earchive.tpu.ru/handle/11683/22143
http://www.lib.tpu.ru/fulltext/c/2015/C01/V1/065.pdf
Médium: MixedMaterials Elektronický zdroj Kapitola
KOHA link:https://koha.lib.tpu.ru/cgi-bin/koha/opac-detail.pl?biblionumber=615106

MARC

LEADER 00000naa2a2200000 4500
001 615106
005 20231101132836.0
035 |a (RuTPU)RU\TPU\conf\13305 
035 |a RU\TPU\conf\13304 
090 |a 615106 
100 |a 20151026d2015 k y0rusy50 ba 
101 0 |a eng 
102 |a RU 
105 |a y z 101zy 
135 |a drcn ---uucaa 
181 0 |a i  
182 0 |a b 
200 1 |a Numerical stadies of heat transfer in gas heater installation  |d Численное исследование теплообмена в газоподогревающей установке  |f E. O. Khomutov  |g sci. adv. A. V. Gil 
203 |a Текст  |c электронный 
225 1 |a Power industry 
230 |a 1 компьютерный файл (pdf; 454 Kb) 
300 |a Заглавие с титульного экрана 
320 |a [Библиогр.: с. 206 (6 назв.)] 
330 |a Relevance of the work due to the need to research the effectiveness and reliability of the heat exchangers. Research of heat transfer with different velocity of gas and temperature of steam was conducted. Results of the numerical modeling of the processes of heat exchange was presented. 
337 |a Adobe Reader 
461 1 |0 (RuTPU)RU\TPU\conf\13102  |t Современные техника и технологии  |o сборник трудов XXI международной научной конференции студентов, аспирантов и молодых ученых, Томск, 5-9 октября 2015 г.  |o в 2 т.  |f Национальный исследовательский Томский политехнический университет (ТПУ)  |d 2015 
463 0 |0 (RuTPU)RU\TPU\conf\13104  |t Т. 1  |f под ред. А. А. Сивкова [и др.]  |v [С. 203-206] 
510 1 |a Численное исследование теплообмена в газоподогревающей установке  |z rus 
610 1 |a труды учёных ТПУ 
610 1 |a электронный ресурс 
610 1 |a численные исследования 
610 1 |a теплообмен 
610 1 |a газоподогревающие установки 
610 1 |a теплообменники 
700 1 |a Khomutov  |b E. O. 
702 1 |a Gil  |b A. V.  |c specialist in the field of thermal engineering  |c Associate Professor of Tomsk Polytechnic University, Candidate of technical sciences  |f 1983-  |g Andrey Vladimirovich  |2 stltpush  |4 727 
712 0 2 |a Национальный исследовательский Томский политехнический университет (ТПУ)  |b Энергетический институт (ЭНИН)  |b Кафедра парогенераторостроения и парогенераторных установок (ПГС и ПГУ)  |h 120  |2 stltpush  |3 (RuTPU)RU\TPU\col\18681 
801 2 |a RU  |b 63413507  |c 20210119  |g RCR 
856 4 |u http://earchive.tpu.ru/handle/11683/22143 
856 4 |u http://www.lib.tpu.ru/fulltext/c/2015/C01/V1/065.pdf 
942 |c BK